| 000 | 01150cam a22002535a 4500 | ||
|---|---|---|---|
| 999 |
_c27389 _d27360 |
||
| 005 | 20190516104617.0 | ||
| 008 | 100322t2010 maua frb 001 0 eng d | ||
| 020 | _a9780538786058 | ||
| 020 | _a0538786051 | ||
| 035 | _a(OCoLC)ocn290435565 | ||
| 040 |
_aYDXCP _beng _cYDXCP _dCOO _dBTCTA _dMUU _dDLC _dEG-ScBUE _dEG-ScBUE |
||
| 082 | 0 | 4 |
_a005.275 _bKAM _222 |
| 100 | 1 | _aKaminsky, Alan. | |
| 245 | 1 | 0 |
_aBuilding parallel programs : _bSMPs, clusters and Java / _cAlan Kaminsky. |
| 250 | _aInternational ed. | ||
| 260 |
_aBoston : _bCourse Technology, Cengage Learning, _cc.2010. |
||
| 300 |
_axvii, 878 p. : _bill. ; _c24 cm. |
||
| 504 | _aIncludes bibliographical references and index. | ||
| 520 | _aHelps readers learn the craft of designing and building parallel programs - specifically programs that employ multiple processors operating at once to solve a large computational problem. This book addresses techniques for parallel programming on both major categories of parallel computers - SMPs and clusters. | ||
| 650 | 7 |
_aParallel programming (Computer science). _2BUEsh _937076 |
|
| 651 | _2BUEsh | ||
| 653 |
_bCOMSCI _cApril2019 |
||
| 942 | _2ddc | ||